000 00589nam a22001817a 4500
999 _c291108
_d291108
082 _a630.33
_bANU/EC PG
100 _aAnupama Rajeevan
245 _aEconomic analysis of seed production of select vegetables in Palakkad district
260 _aVellanikkara
_bDepartment of agricultural economics, college of agriculture
_c2023
300 _a110,viip.
502 _aMSc
650 _aSeed production
650 _aAgricultural economics
650 _aHybrids
700 _aChitra Parayil (Guide)
856 _uhttps://krishikosh.egranth.ac.in/handle/1/5810222836
942 _2ddc
_cTH